LIBRARY ONLINE CATALOGUE

A Concise dictionary of theology / (Record no. 14872)

MARC details
000 -LEADER
fixed length control field 00720nam a22002292 4500
001 - CONTROL NUMBER
control field 0000001021
005 - DATE AND TIME OF LATEST TRANSACTION
control field 20151217161129.0
008 - FIXED-LENGTH DATA ELEMENTS--GENERAL INFORMATION
fixed length control field 070223s xx 000 0 eng d
020 ## - INTERNATIONAL STANDARD BOOK NUMBER
International Standard Book Number 0567083543 :
Terms of availability KES 3,058
040 ## - CATALOGING SOURCE
Original cataloging agency KABU
Transcribing agency KABU
050 #0 - LIBRARY OF CONGRESS CALL NUMBER
Classification number BV2.5
Item number .O26 2000
100 1# - MAIN ENTRY--PERSONAL NAME
Personal name O'Collins, Gerald.
-- 0000149515
245 12 - TITLE STATEMENT
Title A Concise dictionary of theology /
Statement of responsibility, etc. Gerald O'Collins and Edward G. Farrugia.
250 ## - EDITION STATEMENT
Edition statement rev. and expanded ed.
260 ## - PUBLICATION, DISTRIBUTION, ETC. (IMPRINT)
Place of publication, distribution, etc. London :
Name of publisher, distributor, etc. T & T Clark,
Date of publication, distribution, etc. 2000.
300 ## - PHYSICAL DESCRIPTION
Extent xi, 304 p.
650 #0 - SUBJECT ADDED ENTRY--TOPICAL TERM
Topical term or geographic name as entry element Theology
Form subdivision Dictionaries.
-- 0000148793
700 1# - ADDED ENTRY--PERSONAL NAME
Personal name Farrugia, Edward G.
-- 0000149516
908 ## - PUT COMMAND PARAMETER (RLIN)
Put command parameter 070223
950 ## - LOCAL HOLDINGS (RLIN)
-- 1
Holdings
Withdrawn status Lost status Source of classification or shelving scheme Not for loan Home library Current library Date acquired Total Checkouts Full call number Barcode Date last seen Price effective from Koha item type
    Library of Congress Classification Not For Loan Kabarak, Main Campus Kabarak, Main Campus 17/12/2015   BV2.5 .O26 2000 010042 17/12/2015 17/12/2015 Reference